00703nam a2200229Ia 4500008004100000020002200041050001900063050001700082245004900099245003500148260002800183260003500211260000900246300001600255300001100271440003500282500005100317650002400368650002800392650002700420650002600447200601s9999 xx 000 0 und d a978-1-63369-164-3 aMAIN HF 5549.5 b.R58H37 2016 0aHBR guide to delivering effective feedback / 0cHarvard Business Review Press. aBoston, Massachusetts : bHarvard Business Review Press, c2016 a203 pages : c23 cm. aHarvard business review guides aIncludes bibliographical references and index. aEmployee retention. aEmployees -- Rating of. xFeedback (Psychology). xPersonnel management.